Normal view
MARC view
Entry Personal Name
001 - CONTROL NUMBER
- control field: 158088
003 - CONTROL NUMBER IDENTIFIER
- control field: OSt
005 - DATE AND TIME OF LATEST TRANSACTION
- control field: 20220923211105.0
008 - FIXED-LENGTH DATA ELEMENTS
- fixed length control field: 220923|| aca||aabn | a|a d
040 ## - CATALOGING SOURCE
- Original cataloging agency: OSt
- Transcribing agency: OSt
100 ## - HEADING--PERSONAL NAME
- Personal name: गिडेन्स, एंथनी; रामकवींद्र सिंह, अनु
670 ## - SOURCE DATA FOUND
- Source citation: Work cat.: (OSt)295090: गिडेन्स, एंथनी; रामकवींद्र सिंह, अनु., पूंजीवाद और आधुनिक सामाजिक सिद्धांत* मार्क्स, दुखर्ी्रम और मैक्स वेबर के लेखन का विश्लेषण, 2006
